000 00432nmm a2200145Ia 4500
008 251105s9999||||xx |||||||||||||||||und||
041 _aspa
100 _aMaston, Vincent
245 0 _aTú, yo y la vida de los otros
264 _a[Madrid, España] :
_bDuomo ediciones,
_c2016
300 _a224 páginas
650 _aSelf-help and personal development
856 _uhttps://public.digitaliapublishing.com/a/67994
942 _cCF
999 _c105988
_d105988